Fonetika a fonológia súčasného nemeckého jazyka a proces osvojovania si nemeckej výslovnosti

Enregistré dans:
Détails bibliographiques
Auteur principal: Adamcová, Lívia
Autres auteurs: Repka, Richard, Chebenová, Viera
Format: Livre
Langue:slovaque
allemand
Publié: Bratislava RETAAS 2003
Sujets:
Tags: Ajouter un tag
Pas de tags, Soyez le premier à ajouter un tag!

MARC

LEADER 00000nam$a2200000$$$4500
001 0113404
005 20240502072248.2
020 |a 80-968231-9-1 
041 0 |a slo 
041 0 |a ger 
044 |a SK 
245 1 0 |a Fonetika a fonológia súčasného nemeckého jazyka a proces osvojovania si nemeckej výslovnosti  |c Lívia Adamcová 
264 1 |a Bratislava  |b RETAAS  |c 2003 
300 |a 145 s. 
610 2 0 |a jazykoveda 
610 2 0 |a terminológia 
610 2 0 |a jazyky cudzie 
100 1 |a Adamcová, Lívia 
700 1 |a Repka, Richard 
700 1 |a Chebenová, Viera